000 00700nam a2200229 i 4500
001 bgj
100 1 _aVIETRI, Lois T.
245 1 0 _aAmerican government :
_bstudy guide /
_cprepared by Lois T. Vietri ; Ross K. Baker, Gerald M. Pomper, Wilson C. McWilliams.
250 _a2nd ed.
260 _aNew York :
_bMacmillan Publishing Company,
_ccop. 1987.
300 _aIII, 219 pp ;
_c28 cm.
651 9 _aUnited States
_xPolitics and Government
700 1 _aBAKER, Ross K.
700 1 _aPOMPER, Gerald M.
700 1 _aMCWILLIAMS, Wilson C.
020 _a002305350X
040 _cBPK
041 0 _aeng
920 _a0-02-305350-X
942 _cKS
008 s uk f |000 0 eng
999 _c47602
_d47602
856 _uhttp://koha.tu.koszalin.pl/cgi-bin/koha/opac-detail.pl?biblionumber=47602
_yKatalog online BPK